| 000 | 00000nam 2200000zi 4500 |
| 001 | 9.941709 |
| 003 | CaOODSP |
| 005 | 20250108105342 |
| 006 | m o d f |
| 007 | cr cn |||||||| |
| 008 | 240809t20242024onc o f000 0 eng d |
| 020 | |a9780660731025 |
| 040 | |aCaOODSP|beng|erda|cCaOODSP |
| 043 | |an-cn--- |
| 086 | 1 |aH144-133/2024E-PDF |
| 245 | 00|aAcute care during extreme heat : |brecommendations and information for health care workers. |
| 264 | 1|a[Ottawa] : |bHealth Canada = Santé Canada, |c[2024] |
| 264 | 4|c©2024 |
| 300 | |a1 online resource (2 unnumbered pages) |
| 336 | |atext|btxt|2rdacontent |
| 337 | |acomputer|bc|2rdamedia |
| 338 | |aonline resource|bcr|2rdacarrier |
| 500 | |aIssued also in French under title: Soins actifs pendant une chaleur accablante : recommandations et information à l'intention des travailleurs de la santé. |
| 500 | |a"Pub.: 240466." |
| 650 | 0|aHeat|zCanada|xSafety measures. |
| 650 | 0|aHeat exhaustion|zCanada|xPrevention. |
| 650 | 0|aHeat stroke|zCanada|xPrevention. |
| 650 | 0|aHeat|xPhysiological effect|zCanada. |
| 710 | 1 |aCanada. |bHealth Canada, |eissuing body. |
| 775 | 08|tSoins actifs pendant une chaleur accablante : |w(CaOODSP)9.941708 |
| 795 | |tAcute care during extreme heat : |w(CaOODSP)9.696239 |
| 856 | 40|qPDF|s439 KB|uhttps://publications.gc.ca/collections/collection_2025/sc-hc/H144-133-2024-eng.pdf |
| 856 | 4 |qHTML|sN/A|uhttps://www.canada.ca/en/health-canada/services/environmental-workplace-health/reports-publications/climate-change-health/acute-care-extreme-heat-recommendations-information-health-care-workers-fact-sheet-health-canada-2011.html |